|
|
|
|
| LEADER |
00000cas a2200000 a 4500 |
| 001 |
vtls009552071 |
| 003 |
SK-MaSNL |
| 005 |
20260228161142.0 |
| 008 |
150826d19901991xo mr|p 0 b0slo |
| 035 |
|
|
|a TNKK024137
|
| 040 |
|
|
|a TTKJF
|b slo
|c TTKJF
|d SNK
|e AACR2
|
| 041 |
0 |
|
|a slo
|
| 043 |
|
|
|a e-xo---
|
| 044 |
|
|
|a xo
|c SK
|
| 072 |
|
7 |
|a 316.3
|x Globálne spoločnosti. Sociálna štruktúra. Sociálne skupiny
|2 konspekt
|
| 080 |
|
|
|a 050
|2 2001
|
| 080 |
|
|
|a 352
|2 2001
|
| 080 |
|
|
|a (437.6)
|2 2001
|
| 080 |
|
|
|a 316.3
|2 2001
|
| 245 |
0 |
0 |
|a Trnavské listy
|b nezávislé noviny
|
| 260 |
|
|
|a Trnava
|b Pomimo
|c 1990-1991
|
| 300 |
|
|
|a 2 zv.
|b ilustr., fotogr.
|c 30 cm
|
| 310 |
|
|
|a 2x mesačne
|b 7/1990-1991
|
| 321 |
|
|
|a 1x mesačne
|b [1]/1990-6/1990
|
| 362 |
0 |
|
|a Roč. 1, č. [1] (1990)-roč. 2, č. 3 (13.2.1991)
|
| 500 |
|
|
|a Šéfred.: Daniel Ryba
|
| 650 |
0 |
7 |
|a spoločnosť
|2 SNKPH
|9 1013
|
| 651 |
|
7 |
|a Trnava (Slovensko)
|2 SNKPH
|9 19407
|
| 655 |
|
7 |
|a miestne časopisy
|2 SNKPH
|9 268091
|
| 700 |
1 |
|
|a Ryba, Daniel
|4 pbd
|9 267957
|
| 910 |
|
|
|a ttkjf
|
| 910 |
|
|
|a snk
|
| 916 |
|
|
|a 1990-1991
|
| 999 |
|
|
|c 4495
|d 6425
|
| 952 |
|
|
|0 0
|1 0
|4 0
|7 0
|a SNK
|b SNK
|d 2015-07-03
|f 1
|i snkČSP 686/93
|l 0
|o snkČSB 4157/1/1990
|p 17A1030229
|r 2026-02-21 21:45:57
|t č. 3-14, neúplné
|w 2026-02-21
|y PREZ
|z Chýba č. 1,2
|
| 952 |
|
|
|0 0
|1 0
|4 0
|7 0
|a SNK
|b SNK
|d 2015-07-03
|f 1
|i snkČSP 530/94
|l 0
|o snkČSB 4157/2/1991
|p 17A0928091
|r 2026-02-21 21:45:57
|t č. 1-3
|w 2026-02-21
|y PREZ
|